| 000 | 00551nam a2200193 a 4500 | ||
|---|---|---|---|
| 001 | 3884 | ||
| 005 | 20140414132042.0 | ||
| 008 | 040128s19uu xx 00 eng d | ||
| 020 | _a971-8634-01-0 | ||
| 050 |
_aBB _bU74 2002 |
||
| 100 | _aSantos, Nati | ||
| 245 | 0 |
_aUP the mountain / _cNati Santos and Dinna A. Santos-Polo. |
|
| 260 |
_aPhilippines : _bLittle big books, _c2002. |
||
| 300 | _a12 p. ; cm. | ||
| 440 | _aLittle Big Book Early Reading Series-Set 1 | ||
| 650 |
_aAnimals _xFiction. |
||
| 650 | _aChildren stories. | ||
| 999 |
_c113890 _d113890 |
||